书目信息 |
| 题名: |
文化生态与报告文学
|
|
| 作者: | 丁晓原 著 | |
| 分册: | ||
| 出版信息: | 上海 生活·读书·新知三联书店上海分店 2001 |
|
| 页数: | 183页 | |
| 开本: | 32开 | |
| 丛书名: | 三联评论 | |
| 单 册: | ||
| 中图分类: | I207.5 | |
| 科图分类: | ||
| 主题词: | 报告文学--文学研究--中国 , 文学--中国 | |
| 电子资源: | ||
| ISBN: | 7-5426-1595-5 | |
| 000 | 00761nam0 2200241 45 | |
| 001 | 0211261483 | |
| 005 | 20031219104101.5 | |
| 010 | @a7-5426-1595-5@dCNY10.00 | |
| 100 | @a20021126d2001 km y0chiy0120 ea | |
| 101 | 0 | @achi |
| 105 | @a z 000yy | |
| 200 | 1 | @a文化生态与报告文学@AWen Hua Sheng Tai Yu Bao Gao Wen Xue@f丁晓原著@FDing Xiao Yuan Zhu |
| 210 | @a上海@c生活·读书·新知三联书店上海分店@d2001 | |
| 215 | @a183页@d32开 | |
| 225 | @a三联评论@f吴士余,倪为国主编 | |
| 410 | @12001 @a三联评论 | |
| 410 | @1700 0@a倪为国@ANi Wei Guo@4主编@a吴士余@AWu Shi Yu@4主编 | |
| 606 | 0 | @a报告文学@x文学研究@y中国 |
| 606 | 0 | @a文学@x中国 |
| 690 | @aI207.5@v4 | |
| 701 | @a丁晓原@4著 | |
| 801 | @aCN@bTSTC@c20021126 | |
| 905 | @b317987-991@dI207.5@e363@f5 | |
| 文化生态与报告文学/丁晓原著.-上海:生活·读书·新知三联书店上海分店,2001 |
| 183页;32开.-(三联评论/吴士余,倪为国主编) |
| ISBN 7-5426-1595-5:CNY10.00 |
| ● |
| 相关链接 |
|
|
|
|
正题名:文化生态与报告文学
索取号:I207.5/363
 
预约/预借
| 序号 | 登录号 | 条形码 | 馆藏地/架位号 | 状态 | 备注 |
| 1 | 0317987 | 203179871 | 第二借阅区/ [索取号:I207.5/363] | 在馆 | |
| 2 | 0317988 | 203179880 | 第二借阅区/ [索取号:I207.5/363] | 在馆 | |
| 3 | 0317989 | 203179899 | 第二借阅区/ [索取号:I207.5/363] | 在馆 | |
| 4 | 0317990 | 203179906 | 第二借阅区/ [索取号:I207.5/363] | 在馆 | |
| 5 | 0317991 | 203179915 | 第一样本阅览室/ [索取号:I207.5/363] | 在馆 |